|
|
|
|
| LEADER |
01596nam a2200421Ia 4500 |
| 001 |
EBC3300894 |
| 003 |
MiAaPQ |
| 005 |
20200520144314.0 |
| 006 |
m o d | |
| 007 |
cr cn||||||||| |
| 008 |
101203s2010 maua sb 001 0 eng d |
| 010 |
|
|
|z 2010009380
|
| 020 |
|
|
|z 0674055713 (alk. paper)
|
| 020 |
|
|
|z 9780674055711 (alk. paper)
|
| 020 |
|
|
|a 9780674059344 (electronic bk.)
|
| 035 |
|
|
|a (MiAaPQ)EBC3300894
|
| 035 |
|
|
|a (Au-PeEL)EBL3300894
|
| 035 |
|
|
|a (CaPaEBR)ebr10448663
|
| 035 |
|
|
|a (OCoLC)705930081
|
| 040 |
|
|
|a MiAaPQ
|c MiAaPQ
|d MiAaPQ
|
| 050 |
|
4 |
|a HB3654.A3
|b G74 2010
|
| 082 |
0 |
4 |
|a 363.90951
|2 22
|
| 100 |
1 |
|
|a Greenhalgh, Susan.
|
| 245 |
1 |
0 |
|a Cultivating global citizens
|h [electronic resource] :
|b population in the rise of China /
|c Susan Greenhalgh.
|
| 260 |
|
|
|a Cambridge, Mass. :
|b Harvard University Press,
|c 2010.
|
| 300 |
|
|
|a xv, 138 p. :
|b ill.
|
| 500 |
|
|
|a "The Edwin O. Reischauer Lectures, 2008"--P. [i].
|
| 504 |
|
|
|a Includes bibliographical references and index.
|
| 533 |
|
|
|a Electronic reproduction. Ann Arbor, MI : ProQuest, 2015. Available via World Wide Web. Access may be limited to ProQuest affiliated libraries.
|
| 650 |
|
0 |
|a Birth control
|z China.
|
| 650 |
|
0 |
|a Family size
|x Government policy
|z China.
|
| 651 |
|
0 |
|a China
|x Population policy.
|
| 651 |
|
0 |
|a China
|x Population.
|
| 651 |
|
0 |
|a China
|x Social conditions.
|
| 651 |
|
0 |
|a China
|x Politics and government.
|
| 655 |
|
4 |
|a Electronic books.
|
| 710 |
2 |
|
|a ProQuest (Firm)
|
| 856 |
4 |
0 |
|u https://ebookcentral.proquest.com/lib/matrademy/detail.action?docID=3300894
|z Click to View
|